书目信息 |
| 题名: |
中医学
|
|
| 作者: | 韩贵清 主编 | |
| 分册: | ||
| 出版信息: | 北京 人民军医出版社 1999 |
|
| 页数: | 404页 | |
| 开本: | 26cm | |
| 丛书名: | ||
| 单 册: | ||
| 中图分类: | R2 | |
| 科图分类: | 62 | |
| 主题词: | 中医学--高等教育--教材 | |
| 电子资源: | ||
| ISBN: | 7-80020-907-5 | |
| 000 | 00676n|m0 2200253 450 | |
| 001 | 0102598014 | |
| 005 | 20121109170000.0 | |
| 010 | @a7-80020-907-5@dCNY30.00 | |
| 011 | @a7-80020-907-5 | |
| 100 | @a20021005d1999 em y0chiy0110 ea | |
| 101 | 0 | @achi |
| 102 | @aCN@b110000 | |
| 105 | @ay z 000yy | |
| 135 | @adrbn ---auuuu | |
| 200 | 1 | @a中医学@9Zhong Yi Xue @f韩贵清等主编@b电子资源.图书 |
| 210 | @a北京@c人民军医出版社@d1999 | |
| 215 | @a404页@d26cm | |
| 325 | @a电子复制品 | |
| 606 | 0 | @a中医学@x高等教育@x教材 |
| 690 | @aR2@v4 | |
| 692 | @a62@v2 | |
| 701 | 0 | @a韩贵清@9han gui qing@4主编 |
| 801 | 0 | @aCN@bAZmarc@c20230904 |
| 905 | @dR2@e103@f2@sR2/103@aBZT | |
| 中医学/韩贵清等主编[电子资源.图书].-北京:人民军医出版社,1999 |
| 404页;26cm |
| ISBN 7-80020-907-5:CNY30.00 |
| ● |
| 相关链接 |
|
|
|
正题名:中医学
索取号:R2/103
 
预约/预借
| 序号 | 登录号 | 条形码 | 馆藏地/架位号 | 状态 | 备注 |
| 1 | 2000017519 | 2000017519 | 旧书回溯/ [索取号:R2/103] | 在馆 | |
| 2 | 2000017520 | 2000017520 | 旧书回溯/ [索取号:R2/103] | 在馆 |